000 00776cam a22002653a 4500
001 14818
003 PGUSA
005 20140828083322.0
008 050127s2005||||xxu|||||s|||||000 1 eng d
040 _aPGUSA
_beng
042 _adc
050 4 _aPS
100 1 _aMcCutcheon, George Barr,
_d1866-1928
245 1 4 _aThe Daughter of Anderson Crow
_h[electronic resource] /
_cGeorge Barr McCutcheon
260 _bProject Gutenberg,
_c2005
506 _aPublic domain in the USA.
516 _aElectronic text
653 _aCity and town life -- Fiction
653 _aFoundlings -- Fiction
653 _aNew York (State) -- Fiction
700 1 _aJustice, Martin
830 0 _aProject Gutenberg
_v14818
856 4 0 _uhttp://www.gutenberg.org/ebooks/14818
942 _cEB
999 _c244073
_d244073